Statystyki dla Neutralne Państwa w Europie

Kliknij tutaj aby rozwiązać quiz!

Ogólne statystyki

  • Ten quiz został rozwiązany 58 razy
  • Średni wynik to 8 z 10

Statystyki odpowiedzi

Państwo% Poprawnych
Szwajcaria
100%
Liechtenstein
85%
San Marino
81%
Watykan
81%
Irlandia
77%
Monako
75%
Malta
73%
Austria
69%
Mołdawia
56%
Serbia
54%

Rozkład punktacji

Percentyl według liczby udzielonych odpowiedzi

Procent ludzi z każdym wynikiem

Twoja historia wyników

Nie rozwiązałeś tego quizu